Heat and Mass Transfer : Fundamentals and Applications (Record no. 6633)
[ view plain ]
| 000 -LEADER | |
|---|---|
| fixed length control field | 00507nam a2200181Ia 4500 |
| 008 - FIXED-LENGTH DATA ELEMENTS--GENERAL INFORMATION | |
| fixed length control field | 230711s9999||||xx |||||||||||||| ||und|| |
| 020 ## - INTERNATIONAL STANDARD BOOK NUMBER | |
| International Standard Book Number | 978-93-392-2319-9 |
| 041 ## - LANGUAGE CODE | |
| Language code of text/sound track or separate title | ENG |
| 082 ## - DEWEY DECIMAL CLASSIFICATION NUMBER | |
| Classification number | 621.4022 |
| Item number | CE-H |
| 100 ## - MAIN ENTRY--PERSONAL NAME | |
| Personal name | Cengel,A Yunus |
| 245 #0 - TITLE STATEMENT | |
| Title | Heat and Mass Transfer : Fundamentals and Applications |
| 250 ## - EDITION STATEMENT | |
| Edition statement | 5th Ed. |
| 260 ## - PUBLICATION, DISTRIBUTION, ETC. | |
| Date of publication, distribution, etc. | 2017 |
| Place of publication, distribution, etc. | New Delhi |
| Name of publisher, distributor, etc. | McGraw Hill Education(India) Private Limited |
| 300 ## - PHYSICAL DESCRIPTION | |
| Extent | 944p. |
| 650 ## - SUBJECT ADDED ENTRY--TOPICAL TERM | |
| Topical term or geographic name entry element | Mechanical Engineering |
| 700 ## - ADDED ENTRY--PERSONAL NAME | |
| Personal name | Ghajar,Afshin J |
| 942 ## - ADDED ENTRY ELEMENTS (KOHA) | |
| Koha item type | Book |
| Withdrawn status | Lost status | Damaged status | Not for loan | Collection | Home library | Current library | Date acquired | Source of acquisition | Cost, normal purchase price | Inventory number | Total checkouts | Full call number | Barcode | Date last seen | Price effective from | Koha item type | Date last checked out |
|---|---|---|---|---|---|---|---|---|---|---|---|---|---|---|---|---|---|
| MRSPTU Central Library | MRSPTU Central Library | 08/08/2043 | Krishna Book Distributors | 735.00 | KBD/2017-2018/1019243059 | 621.4022 CE-H | 39388 | 08/17/2023 | 08/17/2023 | Book | |||||||
| MRSPTU Central Library | MRSPTU Central Library | 621.402 CE-H | 16290 | 08/17/2023 | 08/17/2023 | Book | |||||||||||
| MRSPTU Central Library | MRSPTU Central Library | 695.00 | 742483 | 4 | 621.402 CE-H | 31664 | 11/08/2025 | 08/17/2023 | Book | 10/14/2025 | |||||||
| MRSPTU Central Library | MRSPTU Central Library | 695.00 | 742483 | 3 | 621.402 CE-H | 31665 | 12/08/2025 | 08/17/2023 | Book | 10/14/2025 | |||||||
| MRSPTU Central Library | MRSPTU Central Library | 695.00 | 742483 | 3 | 621.402 CE-H | 31666 | 01/12/2026 | 08/17/2023 | Book | 11/27/2025 | |||||||
| MRSPTU Central Library | MRSPTU Central Library | 695.00 | 742483 | 5 | 621.402 CE-H | 31667 | 12/08/2025 | 08/17/2023 | Book | 11/20/2025 | |||||||
| MRSPTU Central Library | MRSPTU Central Library | 695.00 | 742483 | 3 | 621.402 CE-H | 31668 | 09/18/2025 | 08/17/2023 | Book | 08/28/2025 | |||||||
| MRSPTU Central Library | MRSPTU Central Library | 08/08/2043 | Krishna Book Distributors | 735.00 | KBD/2017-2018/1019243059 | 621.4022 CE-H | 39389 | 08/17/2023 | 08/17/2023 | Book | |||||||
| MRSPTU Central Library | MRSPTU Central Library | 08/08/2043 | Krishna Book Distributors | 735.00 | KBD/2017-2018/1019243059 | 5 | 621.4022 CE-H | 39390 | 12/01/2025 | 08/17/2023 | Book | 11/06/2025 | |||||
| MRSPTU Central Library | MRSPTU Central Library | 08/08/2043 | Krishna Book Distributors | 735.00 | KBD/2017-2018/1019243059 | 6 | 621.4022 CE-H | 39391 | 12/01/2025 | 08/17/2023 | Book | 11/08/2025 | |||||
| MRSPTU Central Library | MRSPTU Central Library | 08/08/2043 | Krishna Book Distributors | 735.00 | KBD/2017-2018/1019243059 | 3 | 621.4022 CE-H | 39392 | 10/15/2025 | 08/17/2023 | Book | 09/01/2025 |
